| 000 | 00825aam a2200289 4500 | ||
|---|---|---|---|
| 005 | 20230830113229.0 | ||
| 008 | 150310b2005 xxu||||| |||| 00| 0 spa d | ||
| 041 | _aESP | ||
| 082 | _a621.381.5 G633t | ||
| 100 |
_aGómez Expósito, Antonio _918372 |
||
| 100 |
_aMartínez Ramos, José L. _918373 |
||
| 100 |
_aRosendo Macías, José A. _918374 |
||
| 100 |
_aRomero Ramos, Esther _918375 |
||
| 100 |
_aRiquelme Santos, Jesús M. _918376 |
||
| 245 | _aTeoría de circuitos: ejercicios de autoevaluación | ||
| 260 | _aEspaña | ||
| 260 | _bParaninfo | ||
| 260 | _c2005 | ||
| 300 | _a289 páginas | ||
| 650 | _aELECTRÓNICA | ||
| 650 | _aCIRCUITOS | ||
| 650 | _aTEORÍA DE CIRCUITOS | ||
| 650 | _aCIRCUITOS TRIFÁSICOS | ||
| 650 | _aECUACIONES DE NUDOS | ||
| 942 |
_cBK _2ddc |
||
| 999 |
_c2123 _d2123 |
||